=LDR 00000nam 2200000 4500 =001 000193 =020 $9786027542419 =082 $639.300 =245 $$a Seri budidaya ikan mujair =250 $Cetakan II =264 $Depok: ONCOR Semesta Ilmu 2023 =300 $viii, 30 halaman; 21 cm. =650 $Perikanan =905 $639.3 SER =336 $$a =337 $$a =338 $$a =005 20260702151432.0 =008 260702s2026\\\\\\\\\\\\\\\\\\\\\\\\\\\\\\\\\\\\\\\\\